Countries Colonized by France by Continent - Statistics

General Stats
  • This quiz has been taken 360 times
  • The average score is 30 of 52
Answer Stats
Country % Correct
North America Canada
89%
North America United States
88%
Africa Algeria
85%
Africa Morocco
80%
North America Haiti
77%
Africa Niger
76%
Africa Mali
75%
South America Guyana
74%
Africa Senegal
72%
Africa Tunisia
72%
Africa Chad
69%
Africa Guinea
68%
Africa Mauritania
68%
Africa Ivory Coast
66%
Africa Republic of the Congo
66%
South America Suriname
66%
Asia Vietnam
66%
Africa Togo
65%
Africa Benin
64%
Africa Cameroon
64%
South America Brazil
63%
Asia Cambodia
61%
North America Dominica
61%
Asia Laos
61%
Africa Gabon
58%
Africa Madagascar
58%
North America St. Kitts and Nevis
58%
North America Saint Lucia
57%
Africa Burkina Faso
56%
Africa Central African Republic
56%
North America Dominican Republic
56%
North America St. Vincent and the Grenadines
56%
Africa Mauritius
54%
Africa Comoros
51%
North America Trinidad and Tobago
51%
North America Antigua and Barbuda
49%
North America Grenada
49%
Africa Nigeria
49%
Africa Seychelles
49%
Asia China
48%
Africa Gambia
48%
Asia India
48%
Africa Djibouti
47%
Asia Syria
46%
Asia Lebanon
44%
Oceania Australia
37%
Oceania Papua New Guinea
32%
Africa Sao Tome and Principe
30%
Asia Israel
26%
Asia Turkey
26%
Asia Sri Lanka
25%
Asia Taiwan
19%
No matching quizzes found
Score Distribution
Percent of People with Each Score
Percentile by Number Answered
Your Score History
You have not taken this quiz